[Event "?"]
[Site "?"]
[Date "2011.06.03"]
[Round "5.10"]
[White "Sandmeyer, Alexander"]
[Black "Sax, Leon"]
[Result "1-0"]
[WhiteElo "1196"]
[BlackElo "1185"]
[PlyCount "71"]
[EventDate "2011.??.??"]
[WhiteTeam "Stuttgarter SF 1879"]
[BlackTeam "SC Gross-Sachsenheim"]

1. c4 Nf6 2. Nc3 e6 3. Nf3 Bb4 4. g3 O-O 5. Bg2 Nc6 6. O-O Bxc3 7. bxc3 d5 8.
c5 Bd7 9. d4 Re8 10. Bf4 a6 11. Qd3 g6 12. Qd2 Ne4 13. Qc1 Na5 14. Ne5 Bc6 15.
Qc2 Nf6 16. Bg5 Kg7 17. Qc1 Bb5 18. Re1 c6 19. Bf3 Qc7 20. Qf4 Qd8 21. e4 dxe4
22. Rxe4 Nc4 23. Nxc4 Bxc4 24. Qh4 Bd3 25. Rf4 Bf5 26. g4 e5 27. dxe5 Rxe5 28.
gxf5 Rxf5 29. Rxf5 gxf5 30. Qh6+ Kg8 31. Bxf6 Qf8 32. Qxf8+ Kxf8 33. Rd1 h6 34.
Rd8+ Rxd8 35. Bxd8 Ke8 36. Bb6 1-0

[Event "?"]
[Site "?"]
[Date "2011.06.03"]
[Round "5.11"]
[White "Günay, Nuri"]
[Black "Dahm, Simon"]
[Result "0-1"]
[WhiteElo "831"]
[BlackElo "1173"]
[PlyCount "92"]
[EventDate "2011.??.??"]
[WhiteTeam "SC Gross-Sachsenheim"]
[BlackTeam "Spvgg Böblingen"]

1. d4 d5 2. Nc3 Bf5 3. f3 e6 4. e4 dxe4 5. fxe4 Bg6 6. Bf4 Bd6 7. Bxd6 cxd6 8.
Bb5+ Nd7 9. Nge2 Ne7 10. Qd2 O-O 11. O-O-O a6 12. Bxd7 Qxd7 13. Nf4 b5 14. d5
e5 15. Nxg6 Nxg6 16. Ne2 f5 17. Ng3 f4 18. Nf5 Ne7 19. Nxe7+ Qxe7 20. h4 h5 21.
Rdg1 Rf7 22. Qe2 g6 23. g4 fxg3 24. Rxg3 Kh7 25. Rhg1 Rg8 26. Rh1 Rf4 27. Rgh3
Rgf8 28. Ra3 Rxh4 29. Rxh4 Qxh4 30. Rxa6 Qf4+ 31. Kd1 Rf6 32. Rb6 Qf1+ 33. Qxf1
Rxf1+ 34. Ke2 Rf6 35. Rxb5 h4 36. Rb3 g5 37. Rh3 Kh6 38. a4 Kh5 39. a5 g4 40.
Ra3 g3 41. a6 g2 42. a7 g1=Q 43. a8=Q Qf2+ 44. Kd3 Qd4+ 45. Ke2 Rf2+ 46. Ke1
Qd2# 0-1

[Event "?"]
[Site "?"]
[Date "2011.06.03"]
[Round "5.12"]
[White "Stecher, Oliver"]
[Black "Klein, Werner"]
[Result "1-0"]
[WhiteElo "1165"]
[BlackElo "1083"]
[PlyCount "59"]
[EventDate "2011.??.??"]
[WhiteTeam "SSV Zuffenhausen"]
[BlackTeam "SV Stuttgart-Wolfbusch 1956 e.V."]

1. e4 e5 2. Nf3 Nc6 3. Bc4 h6 4. c3 d6 5. d4 exd4 6. cxd4 a6 7. Be3 Be7 8. Nbd2
Nf6 9. Qc2 O-O 10. Qc3 Ng4 11. O-O Nxe3 12. fxe3 Re8 13. Rad1 b6 14. Bd5 Bd7
15. Bxc6 Bxc6 16. Qxc6 Rc8 17. Nc4 Bf8 18. Rf2 d5 19. exd5 b5 20. Nce5 Qd6 21.
Qc2 Qxd5 22. Qd3 Qxa2 23. b3 Qa5 24. Nh4 Qb6 25. Rxf7 Qe6 26. Rdf1 Be7 27. Nhg6
Bf6 28. R1xf6 gxf6 29. Ne7+ Rxe7 30. Qh7# 1-0

[Event "?"]
[Site "?"]
[Date "2011.06.03"]
[Round "5.13"]
[White "Baumann, Sonja"]
[Black "Bürck, Alvin"]
[Result "0-1"]
[WhiteElo "1148"]
[BlackElo "991"]
[PlyCount "86"]
[EventDate "2011.??.??"]
[WhiteTeam "SV Stuttgart-Wolfbusch 1956 e.V."]
[BlackTeam "SV Urach"]

1. e4 e5 2. Nf3 Nc6 3. Bc4 Nf6 4. Nc3 Bc5 5. d3 h6 6. Be3 d6 7. O-O Bg4 8. Kh1
h5 9. Qd2 Bxf3 10. gxf3 h4 11. Rg1 Nh5 12. Bg5 Qd7 13. Bxh4 Nf4 14. Bg3 Nd4 15.
Bxf4 Nxf3 16. Qe2 Nxg1 17. Rxg1 exf4 18. Rxg7 O-O-O 19. Qg4 Qxg4 20. Rxg4 Bxf2
21. Bxf7 Bg3 22. Kg2 Rxh2+ 23. Kf1 Rxc2 24. Ne2 Rxb2 25. Nxg3 fxg3 26. Rxg3 Rf8
27. Rg8 Rxg8 28. Bxg8 c6 29. Ke1 Kd7 30. Kd1 Ke7 31. Ke1 Kf6 32. Kd1 Ke5 33.
Bb3 d5 34. exd5 cxd5 35. Kc1 Rg2 36. Bc2 Kd4 37. Kb2 Rd2 38. Kb3 Rxd3+ 39. Bxd3
Kxd3 40. Kb2 Ke3 41. Kc3 d4+ 42. Kc2 Ke2 43. Kc1 d3 0-1

[Event "?"]
[Site "?"]
[Date "2011.06.03"]
[Round "5.14"]
[White "Zacke, Tamara"]
[Black "Gheng, Paul Dominik"]
[Result "1-0"]
[WhiteElo "992"]
[BlackElo "1114"]
[PlyCount "23"]
[EventDate "2011.??.??"]
[WhiteTeam "SV Stuttgart-Wolfbusch 1956 e.V."]
[BlackTeam "SC Leinfelden"]

1. e4 c5 2. Nc3 d6 3. f4 Nc6 4. Bc4 Nf6 5. d3 g6 6. Nf3 Qc7 7. O-O Bg7 8. Ng5
O-O 9. Qe1 a6 10. f5 Nd4 11. fxg6 hxg6 12. Qh4 1-0

[Event "?"]
[Site "?"]
[Date "2011.06.03"]
[Round "5.15"]
[White "Shankar, Ajay"]
[Black "Jüttner, Dennis"]
[Result "1-0"]
[WhiteElo "1103"]
[BlackElo "943"]
[PlyCount "119"]
[EventDate "2011.??.??"]
[WhiteTeam "SG Königskinder Hohentübingen e."]
[BlackTeam "SpVgg Rommelshausen"]

1. e4 e6 2. d4 d5 3. e5 c5 4. Nf3 Nc6 5. g3 cxd4 6. Bb5 Qa5+ 7. Qd2 Qxb5 8.
Nxd4 Nxd4 9. Qxd4 Bc5 10. Qg4 b6 11. Qxg7 Ba6 12. Nc3 Bb4 13. Qg4 Bxc3+ 14.
bxc3 Ne7 15. a4 Qc6 16. Qf3 Ng6 17. Bf4 Nxf4 18. gxf4 O-O-O 19. h3 Bb7 20. Rg1
Qc4 21. Rg4 d4 22. Qd3 Qxc3+ 23. Qxc3+ dxc3 24. Rg3 Rd2 25. Rxc3+ Kb8 26. Kxd2
Be4 27. Rc4 Bf5 28. Ra3 Rd8+ 29. Ke2 Bg6 30. Ke3 Bf5 31. h4 h5 32. Rac3 Kb7 33.
Rd4 Rxd4 34. Kxd4 a6 35. Ke3 Bg6 36. Kd2 Bf5 37. Rb3 a5 38. c4 Kc6 39. Kc3 Be4
40. Kd4 Bf5 41. Rb5 Bc2 42. c5 Bxa4 43. Rxb6+ Kc7 44. Ra6 Bd1 45. Rxa5 Bf3 46.
Ra7+ Kc6 47. Rxf7 Kb5 48. f5 exf5 49. Rxf5 Bg4 50. Rf6 Bd7 51. e6 Bc6 52. e7
Bd7 53. Rb6+ Ka5 54. c6 Be8 55. Rb8 Bxc6 56. e8=Q Bxe8 57. Rxe8 Kb6 58. f4 Kc7
59. f5 Kd7 60. Re1 1-0

[Event "?"]
[Site "?"]
[Date "2011.06.03"]
[Round "5.16"]
[White "Jüttner, Mark"]
[Black "Bauersfeld, Jasmin"]
[Result "0-1"]
[WhiteElo "977"]
[BlackElo "1182"]
[PlyCount "100"]
[EventDate "2011.??.??"]
[WhiteTeam "SpVgg Rommelshausen"]
[BlackTeam "SC Weisse Dame Ulm e.V."]

1. e4 e6 2. Nf3 d5 3. Nc3 Nf6 4. d3 dxe4 5. dxe4 Qxd1+ 6. Nxd1 Nxe4 7. Bf4 Bd6
8. Bxd6 cxd6 9. Bd3 Nc5 10. Nd4 Nxd3+ 11. cxd3 Nc6 12. Nb3 O-O 13. Ne3 Bd7 14.
h4 Rac8 15. g4 Nb4 16. Kf1 Nxd3 17. h5 Nxb2 18. g5 f6 19. g6 h6 20. Rg1 Nc4 21.
Ng4 e5 22. Nh2 Bb5 23. Kg2 d5 24. Kh1 d4 25. Rab1 d3 26. Rgd1 Rfd8 27. Nd2 Bc6+
28. Nhf3 Bxf3+ 29. Nxf3 e4 30. Nh4 b6 31. Nf5 Kf8 32. Rb5 Rc5 33. Rxc5 bxc5 34.
Kg1 Rd5 35. Ne3 Nxe3 36. fxe3 Rxh5 37. Kf2 Rh2+ 38. Kg1 Rxa2 39. Rb1 d2 40.
Rb8+ Ke7 41. Rb7+ Kd6 42. Rb1 c4 43. Kf1 Kd5 44. Ke2 c3 45. Rb5+ Kc4 46. Kd1
Ra1+ 47. Ke2 d1=Q+ 48. Kf2 Qf1+ 49. Kg3 Qf3+ 50. Kh4 Rh1# 0-1

[Event "?"]
[Site "?"]
[Date "2011.06.03"]
[Round "5.17"]
[White "Naizghi, Agazit-Aida"]
[Black "Hauger, Albrecht"]
[Result "0-1"]
[WhiteElo "806"]
[BlackElo "954"]
[PlyCount "98"]
[EventDate "2011.??.??"]
[WhiteTeam "SV Stuttgart-Wolfbusch 1956 e.V."]
[BlackTeam "SC Schachmatt Botnang"]

1. e4 c5 2. Nc3 e6 3. Bc4 d6 4. Nf3 a6 5. h3 Nc6 6. a3 b5 7. Ba2 Nf6 8. d3 Be7
9. Be3 Qc7 10. O-O O-O 11. Re1 h6 12. d4 cxd4 13. Nxd4 Bd7 14. Nxc6 Bxc6 15.
Bc1 Qb7 16. f3 Rfd8 17. Be3 Rd7 18. Bf2 Rad8 19. Qe2 e5 20. f4 exf4 21. Bd4 Re8
22. e5 dxe5 23. Bxe5 Bd6 24. Qf2 Bxe5 25. Rxe5 Rxe5 26. Qxf4 Rde7 27. Qf2 a5
28. Rf1 b4 29. Nd1 Bb5 30. c4 bxc3 31. Nxc3 Bxf1 32. Kxf1 Re1+ 33. Qxe1 Rxe1+
34. Kxe1 Qxg2 35. b4 Qc2 36. Nd5 Qe4+ 37. Kf2 Qxd5 38. Bxd5 Nxd5 39. bxa5 Nc7
40. Ke3 Kf8 41. Kd4 Ke7 42. Kc5 Kd7 43. Kb6 f5 44. a4 f4 45. a6 f3 46. a5 f2
47. Kb7 f1=Q 48. a7 Qa6+ 49. Kb8 Qc8# 0-1

[Event "?"]
[Site "?"]
[Date "2011.06.03"]
[Round "5.18"]
[White "Dallinger, Frank"]
[Black "Renn, Kevin"]
[Result "1-0"]
[WhiteElo "955"]
[BlackElo "1200"]
[PlyCount "95"]
[EventDate "2011.??.??"]

1. e4 e5 2. Nf3 Nc6 3. Bc4 Nf6 4. Nc3 d6 5. d3 Bg4 6. h3 Bd7 7. Be3 Be7 8. Qd2
O-O 9. O-O-O Be6 10. Bxe6 fxe6 11. Ng5 Qd7 12. g4 d5 13. f4 d4 14. f5 dxe3 15.
Qxe3 exf5 16. gxf5 b6 17. Qg3 a5 18. a3 Nd4 19. h4 Qa4 20. Rh2 Qc6 21. h5 b5
22. h6 gxh6 23. Ne6+ Kf7 24. Nxf8 Rxf8 25. Rxh6 b4 26. Qxe5 bxc3 27. Qxd4 cxb2+
28. Qxb2 Kg7 29. Rdh1 a4 30. e5 Ng4 31. Rxc6 Rxf5 32. e6+ Ne5 33. Qb8 Nxc6 34.
Qxc7 Rc5 35. Rg1+ Kf6 36. Qf4+ Rf5 37. Qxa4 Rc5 38. d4 Ra5 39. Qxc6 Rxa3 40.
Rf1+ Kg6 41. Qg2+ Bg5+ 42. Rf4 Ra1+ 43. Kd2 Kh5 44. Qg4+ Kg6 45. e7 h5 46.
e8=Q+ Kh6 47. Qexh5+ Kg7 48. Qgxg5# 1-0

[Event "?"]
[Site "?"]
[Date "2011.06.03"]
[Round "5.19"]
[White "Eberhardt, Juliane"]
[Black "Fey, Karl-Heinz"]
[Result "0-1"]
[WhiteElo "1030"]
[BlackElo "815"]
[PlyCount "68"]
[EventDate "2011.??.??"]

1. e4 c5 2. Nf3 Nc6 3. Bc4 e5 4. Nc3 d6 5. d3 h6 6. Be3 Nf6 7. Qd2 Be7 8. O-O-O
O-O 9. Nd5 a6 10. a3 b5 11. Nxf6+ Bxf6 12. Bd5 Bd7 13. h3 a5 14. Qc3 a4 15. g4
Rb8 16. Bxc6 Bxc6 17. Kd2 Be7 18. Ke2 b4 19. axb4 Rxb4 20. b3 Qa8 21. d4 exd4
22. Bxd4 cxd4 23. Qxb4 Rb8 24. Qd2 Bxe4 25. Qf4 Qa6+ 26. Ke1 Bxc2 27. Rc1 axb3
28. Rxc2 bxc2 29. Qc1 d3 30. Kd2 Bf6 31. Qf1 Rb1 32. Qxb1 cxb1=Q 33. Rxb1 Qc4
34. Rc1 Qe4 0-1

[Event "?"]
[Site "?"]
[Date "2011.06.03"]
[Round "5.20"]
[White "Langjahr, Marius"]
[Black "Reichardt, Julius"]
[Result "1-0"]
[WhiteElo "972"]
[BlackElo "812"]
[PlyCount "63"]
[EventDate "2011.??.??"]
[WhiteTeam "SC Gross-Sachsenheim"]
[BlackTeam "SF Markgräflerland e."]

1. e4 e5 2. Nf3 Nf6 3. Nxe5 d6 4. Nf3 Nxe4 5. Bd3 d5 6. Qe2 Bf5 7. Nc3 Qe7 8.
Nxd5 Qd6 9. Nc3 Nc6 10. Nxe4 Bxe4 11. Qxe4+ Qe7 12. Qxe7+ Bxe7 13. O-O O-O-O
14. Bb5 Rd6 15. Re1 a6 16. Bxc6 Rxc6 17. Rxe7 Rf8 18. c3 Kd8 19. Re3 f6 20. b3
b5 21. Ba3 g5 22. Bxf8 Kc8 23. Re8+ Kb7 24. Nd4 Rb6 25. Bc5 a5 26. Bxb6 Kxb6
27. Re6+ Kb7 28. Rxf6 c5 29. Nxb5 h5 30. Re1 h4 31. Re7+ Kc8 32. Rf8# 1-0

[Event "?"]
[Site "?"]
[Date "2011.06.03"]
[Round "5.21"]
[White "Bressmer, Lisa"]
[Black "Maly, Jan"]
[Result "1-0"]
[WhiteElo "968"]
[BlackElo "811"]
[PlyCount "81"]
[EventDate "2011.??.??"]
[WhiteTeam "SV Ebersbach"]
[BlackTeam "SF 59 Kornwestheim"]

1. e4 e5 2. b3 Nf6 3. Nc3 d5 4. Nf3 d4 5. Na4 Nc6 6. d3 Bb4+ 7. Bd2 Bd7 8. c3
dxc3 9. Nxc3 Nd4 10. Nxe5 Bd6 11. Nf3 Nc6 12. Be2 Bg4 13. Be3 Bxf3 14. Bxf3 Be5
15. Rc1 Nb4 16. d4 Bd6 17. e5 Bxe5 18. dxe5 Nd3+ 19. Ke2 Nxc1+ 20. Qxc1 O-O 21.
exf6 Qxf6 22. Nd5 Qe6 23. Nxc7 Qd7 24. Nxa8 Rxa8 25. Rd1 Qb5+ 26. Ke1 Qb4+ 27.
Kf1 Qb5+ 28. Kg1 Qf5 29. Bxb7 Rf8 30. h3 Qe6 31. Qc7 h6 32. Rd6 Qe8 33. Bxa7
Kh7 34. Qc2+ Kg8 35. Qf5 Qe7 36. Rd7 Qe8 37. Kh2 g6 38. Qf6 Qe2 39. Bd4 Qe5+
40. Bxe5 Kh7 41. Qg7# 1-0

[Event "?"]
[Site "?"]
[Date "2011.06.04"]
[Round "6.1"]
[White "Basaran, Mehmet"]
[Black "Graf, Maximilian"]
[Result "1/2-1/2"]
[WhiteElo "1456"]
[BlackElo "1494"]
[PlyCount "39"]
[EventDate "2011.??.??"]
[WhiteTeam "SV Unterkochen"]
[BlackTeam "SK e4 Gerlingen"]

1. e4 e5 2. Nf3 Nc6 3. Bc4 Bc5 4. c3 Nf6 5. d4 exd4 6. cxd4 Bb4+ 7. Nc3 Nxe4 8.
O-O Bxc3 9. d5 Bf6 10. Re1 Ne7 11. Rxe4 d6 12. Bg5 Bxg5 13. Nxg5 O-O 14. Nf3
Ng6 15. Qd2 Bf5 16. Re3 Bd7 17. Rb3 b6 18. Re1 Qf6 19. Qc3 Qf5 20. Bd3 1/2-1/2

[Event "?"]
[Site "?"]
[Date "2011.06.04"]
[Round "6.2"]
[White "Su, Jahn"]
[Black "Vogel, Uwe"]
[Result "1/2-1/2"]
[WhiteElo "1474"]
[BlackElo "1339"]
[PlyCount "58"]
[EventDate "2011.??.??"]
[WhiteTeam "Spvgg Böblingen"]
[BlackTeam "SC Gross-Sachsenheim"]

1. e4 e6 2. d4 d5 3. e5 c5 4. Nf3 Bd7 5. c3 Nc6 6. Be3 Qb6 7. Qc2 Rc8 8. dxc5
Bxc5 9. Bxc5 Qxc5 10. Bd3 Qb6 11. a3 Nge7 12. O-O Nf5 13. Bxf5 exf5 14. Nbd2
O-O 15. Qb3 Qxb3 16. Nxb3 b6 17. Rad1 h6 18. Nbd4 Nxd4 19. Nxd4 a6 20. f4 Be6
21. Rd2 Kh7 22. Rfd1 Rg8 23. g3 g5 24. Kf2 gxf4 25. gxf4 Rg4 26. Kf3 Rcg8 27.
Nc2 Rh4 28. Ne3 Rh3+ 29. Ke2 Rxh2+ {Rest unleserlich} 1/2-1/2

[Event "?"]
[Site "?"]
[Date "2011.06.04"]
[Round "6.4"]
[White "Bitzel, Hubert"]
[Black "Dallinger, Moritz"]
[Result "0-1"]
[WhiteElo "1494"]
[BlackElo "1489"]
[PlyCount "78"]
[EventDate "2011.??.??"]
[WhiteTeam "TSF Ditzingen"]
[BlackTeam "SV Stuttgart-Wolfbusch 1956 e.V."]

1. e4 c5 2. f4 e6 3. Nf3 a6 4. c3 b5 5. b3 Bb7 6. d3 Qc7 7. Be3 Nf6 8. Nbd2 d6
9. Rc1 Be7 10. h3 Nbd7 11. Be2 Nh5 12. Kf2 f5 13. Ng5 Bxg5 14. fxg5 O-O 15. g3
fxe4+ 16. Kg2 exd3+ 17. Bf3 Bxf3+ 18. Nxf3 Qb7 19. Rf1 Ne5 20. g4 Nf4+ 21. Bxf4
Rxf4 22. Kg3 Rxf3+ 23. Rxf3 Qxf3+ 24. Qxf3 Nxf3 25. Kxf3 Rb8 26. c4 d2 27. Rd1
bxc4 28. Rxd2 Rb6 29. bxc4 Kf7 30. h4 Ke7 31. Ke4 Rb4 32. Kd3 d5 33. Rc2 Rxc4
34. Rxc4 dxc4+ 35. Kxc4 Kd6 36. h5 e5 37. a3 e4 38. a4 g6 39. a5 Ke5 0-1

[Event "?"]
[Site "?"]
[Date "2011.06.04"]
[Round "6.5"]
[White "Stecher, Oliver"]
[Black "Fröhlich, Bodo"]
[Result "0-1"]
[WhiteElo "1165"]
[BlackElo "1467"]
[PlyCount "52"]
[EventDate "2011.??.??"]
[WhiteTeam "SSV Zuffenhausen"]
[BlackTeam "SC Böblingen 1975 e.V."]

1. e4 c5 2. Nf3 Nc6 3. Bc4 d6 4. c3 e6 5. d4 cxd4 6. cxd4 Nf6 7. Nc3 Be7 8. Bd3
O-O 9. O-O a6 10. Re1 b5 11. d5 Nb4 12. Bb1 exd5 13. exd5 Bb7 14. Be4 Nxe4 15.
Rxe4 a5 16. a3 Na6 17. Nxb5 Nc5 18. Re2 a4 19. Nbd4 Bxd5 20. Qe1 Bf6 21. Qc3
Nb3 22. Rb1 Rc8 23. Qe1 Bxd4 24. Nxd4 Nxd4 25. Rd2 Qf6 26. Qd1 Qg6 0-1

[Event "?"]
[Site "?"]
[Date "2011.06.04"]
[Round "6.6"]
[White "Su, Kai"]
[Black "Reichmann, Bernd"]
[Result "1-0"]
[WhiteElo "1395"]
[BlackElo "1165"]
[PlyCount "43"]
[EventDate "2011.??.??"]
[WhiteTeam "Spvgg Böblingen"]
[BlackTeam "SV Fellbach"]

1. e4 e5 2. Nf3 Nc6 3. d4 exd4 4. Nxd4 Nxd4 5. Qxd4 a6 6. Nc3 f6 7. Bf4 d6 8.
O-O-O Bd7 9. Be2 g6 10. Rhe1 Bh6 11. Bxh6 Nxh6 12. Bf3 Bg4 13. Bxg4 Nxg4 14. h3
Ne5 15. f4 Nc6 16. Qd5 Qd7 17. e5 Qf5 18. exd6+ Kf8 19. Qxf5 gxf5 20. dxc7 Kg7
21. Rd7+ Kg6 22. Nd5 1-0

[Event "?"]
[Site "?"]
[Date "2011.06.04"]
[Round "6.7"]
[White "Thomas, Leonhard"]
[Black "Shankar, Ajay"]
[Result "1/2-1/2"]
[WhiteElo "1279"]
[BlackElo "1103"]
[PlyCount "89"]
[EventDate "2011.??.??"]
[WhiteTeam "SV Fellbach"]
[BlackTeam "SG Königskinder Hohentübingen e."]

1. e4 e5 2. Nf3 Nc6 3. Bb5 Nf6 4. Bxc6 dxc6 5. d3 Bd6 6. h3 O-O 7. O-O Re8 8.
Bd2 Bd7 9. Bc3 c5 10. Nbd2 Qc8 11. Kh2 Nh5 12. Nc4 b5 13. Ne3 Re6 14. Ng1 Rh6
15. Qf3 Nf4 16. Nf5 Bxf5 17. exf5 Rb8 18. Qe4 Qd7 19. Rae1 Re8 20. g3 Nh5 21.
Kg2 Rf6 22. g4 Nf4+ 23. Kh2 h5 24. f3 g6 25. fxg6 Rxg6 26. Bd2 Kf8 27. Bxf4
exf4 28. Qxe8+ Qxe8 29. Rxe8+ Kxe8 30. Re1+ Kd7 31. Kg2 f5 32. Kf2 hxg4 33.
hxg4 fxg4 34. fxg4 Rxg4 35. Re4 Rh4 36. Ne2 Kc6 37. Kf3 Rh2 38. a4 b4 39. b3 a6
40. Rc4 Rh3+ 41. Kg4 Rh2 42. Nxf4 Bxf4 43. Kxf4 Kd5 44. Kf5 Rf2+ 45. Kg4
1/2-1/2

[Event "?"]
[Site "?"]
[Date "2011.06.04"]
[Round "6.8"]
[White "Merk, Daniel"]
[Black "Konz, Andreas"]
[Result "0-1"]
[WhiteElo "1126"]
[BlackElo "1255"]
[PlyCount "114"]
[EventDate "2011.??.??"]
[WhiteTeam "Schach-Pinguine Murrhardt e.V."]
[BlackTeam "SV Marbach"]

1. e4 d5 2. exd5 Qxd5 3. Nc3 Qd6 4. Nf3 Nf6 5. d4 a6 6. Be2 b5 7. O-O Bb7 8. a3
e6 9. b3 Be7 10. Bb2 O-O 11. Re1 Rd8 12. Qd2 c5 13. Rad1 cxd4 14. Qxd4 Qc7 15.
Qe3 Nc6 16. Ne4 Nxe4 17. Qxe4 Na5 18. Qg4 g6 19. Rxd8+ Rxd8 20. Rd1 Rxd1+ 21.
Bxd1 Qd6 22. Qd4 Qxd4 23. Bxd4 Bxa3 24. Ne5 Bd5 25. Kf1 Nc6 26. Ba1 Nb4 27. Ke2
Bxg2 28. Ke3 Bc1+ 29. Kd4 Nd5 30. c4 f6 31. Nd3 e5+ 32. Kc5 Ba3+ 33. Kc6 Nb4+
34. Kb6 Nxd3 35. Kxa6 bxc4 36. bxc4 Nxf2 37. Bb3 Kg7 38. Kb6 Nd3 39. Bc2 Be4
40. Bxd3 Bxd3 41. c5 Be4 42. c6 Bc1 43. c7 Be3+ 44. Ka6 Bf5 45. Kb7 Bd7 46.
c8=Q Bxc8+ 47. Kxc8 Bd4 48. Bxd4 exd4 49. Kc7 d3 50. Kc6 d2 51. Kc5 d1=Q 52.
Kc4 Kf7 53. h4 Ke6 54. Kc3 Ke5 55. Kb4 Qc2 56. Ka3 Kd4 57. h5 Qc3+ 0-1

[Event "?"]
[Site "?"]
[Date "2011.06.04"]
[Round "6.9"]
[White "Bürck, Alvin"]
[Black "Sandmeyer, Alexander"]
[Result "1-0"]
[WhiteElo "991"]
[BlackElo "1196"]
[PlyCount "85"]
[EventDate "2011.??.??"]
[WhiteTeam "SV Urach"]
[BlackTeam "Stuttgarter SF 1879"]

1. e4 c5 2. Nf3 Nc6 3. d4 cxd4 4. Nxd4 g6 5. Nc3 Bg7 6. Be3 d6 7. Bb5 Bd7 8.
Qd2 Nf6 9. O-O-O O-O 10. f4 a6 11. Nxc6 Bxc6 12. Bc4 b5 13. Bd5 Nxd5 14. exd5
Bd7 15. h4 Rc8 16. Bd4 Bxd4 17. Qxd4 Bg4 18. Rd3 Rc4 19. Qe3 Re8 20. Rd4 Qc8
21. Kd2 e6 22. Re1 Rxd4+ 23. Qxd4 Qc4 24. Qxc4 bxc4 25. Ne4 Kg7 26. Nxd6 Rd8
27. Nxc4 Rxd5+ 28. Ke3 Rc5 29. Ne5 Bf5 30. c4 Bc2 31. b4 Rc8 32. Re2 Bf5 33. b5
axb5 34. cxb5 Rb8 35. Rb2 f6 36. Nc4 h6 37. b6 g5 38. fxg5 hxg5 39. hxg5 fxg5
40. b7 Bg6 41. Na5 Be8 42. Rc2 Kf6 43. Rc8 1-0

[Event "?"]
[Site "?"]
[Date "2011.06.04"]
[Round "6.10"]
[White "Dahm, Simon"]
[Black "Watz, Roland"]
[Result "1-0"]
[WhiteElo "1173"]
[BlackElo "1121"]
[PlyCount "43"]
[EventDate "2011.??.??"]
[WhiteTeam "Spvgg Böblingen"]
[BlackTeam "SC Böblingen 1975 e.V."]

1. e4 c5 2. Nf3 Nf6 3. Nc3 Nc6 4. d4 cxd4 5. Nxd4 e5 6. Nb3 Bb4 7. Bd2 d6 8.
Be2 Bxc3 9. Bxc3 Nxe4 10. Qd3 Nxc3 11. Qxc3 Bf5 12. O-O-O Rc8 13. Bd3 Nd4 14.
Qb4 Bxd3 15. Rxd3 Rxc2+ 16. Kb1 Rxf2 17. Nxd4 exd4 18. Qxd4 Qb6 19. Qxg7 Rf8
20. Rb3 Qc6 21. Re1+ Kd7 22. Qxf8 1-0

[Event "?"]
[Site "?"]
[Date "2011.06.04"]
[Round "6.11"]
[White "Sax, Leon"]
[Black "Zacke, Tamara"]
[Result "1/2-1/2"]
[WhiteElo "1185"]
[BlackElo "992"]
[PlyCount "145"]
[EventDate "2011.??.??"]
[WhiteTeam "SC Gross-Sachsenheim"]
[BlackTeam "SV Stuttgart-Wolfbusch 1956 e.V."]

1. e4 e5 2. Bc4 Nf6 3. Nf3 Bd6 4. Nc3 O-O 5. O-O Nc6 6. d3 a6 7. Bg5 Kh8 8. Nd5
Rg8 9. Nxf6 gxf6 10. Bh6 Qe7 11. Nh4 Bc5 12. Nf5 Qe8 13. Qh5 d5 14. Bxd5 Bxf5
15. Qxf5 Rg6 16. Bxc6 Qxc6 17. Bd2 Rag8 18. g3 Rg4 19. a3 b5 20. Be3 Bb6 21.
Bxb6 Qxb6 22. b4 R4g5 23. Qf3 Qe6 24. a4 f5 25. exf5 Rxf5 26. Qb7 Rh5 27. Qg2
f5 28. f4 exf4 29. Rxf4 Qe3+ 30. Qf2 Qxf2+ 31. Rxf2 c6 32. axb5 axb5 33. c4 Rb8
34. c5 Re8 35. Raf1 Re3 36. Rxf5 Rxf5 37. Rxf5 Rxd3 38. Rf6 Rb3 39. Rxc6 Rxb4
40. Rb6 Rb2 41. c6 Rc2 42. Rxb5 Rxc6 43. Kg2 Kg7 44. h4 Rg6 45. Kh3 Rf6 46. h5
h6 47. Rb7+ Kg8 48. g4 Kh8 49. Kh4 Rf4 50. Kg3 Re4 51. Rb5 Re7 52. Kf4 Rf7+ 53.
Rf5 Rg7 54. Rf6 Kh7 55. Rf5 Rg8 56. Rf7+ Kh8 57. Re7 Rg5 58. Re5 Rg7 59. Kg3
Kh7 60. Re4 Rf7 61. Re6 Kg7 62. Kh4 Rf6 63. Rxf6 Kxf6 64. Kg3 Kg5 65. Kf3 Kf6
66. Kf4 Kg7 67. Kf5 Kf7 68. Ke5 Ke7 69. Kf5 Kf7 70. Ke4 Kf6 71. Kf4 Kg7 72. Ke5
Kf7 73. Kf5 1/2-1/2

[Event "?"]
[Site "?"]
[Date "2011.06.04"]
[Round "6.12"]
[White "Hauger, Albrecht"]
[Black "Winterkorn, Nikolaus"]
[Result "0-1"]
[WhiteElo "954"]
[BlackElo "1487"]
[PlyCount "129"]
[EventDate "2011.??.??"]
[WhiteTeam "SC Schachmatt Botnang"]
[BlackTeam "DJK Sportbund Stuttgart e.V."]

1. d4 d5 2. e3 Nf6 3. c4 e6 4. Nc3 c6 5. Bd3 Nbd7 6. a3 Bd6 7. Nf3 h6 8. c5 Bc7
9. b4 a6 10. h3 O-O 11. O-O Re8 12. Re1 e5 13. e4 exd4 14. Nxd4 Be5 15. Be3
dxe4 16. Nxe4 Nxe4 17. Bxe4 Nf6 18. Bf5 Bxd4 19. Bxc8 Rxc8 20. Qxd4 Nd5 21.
Rad1 Re6 22. Rd2 Qe7 23. Rde2 f6 24. g3 Re8 25. Qd2 Re4 26. Kf1 f5 27. Bd4 Qf7
28. f3 Rxe2 29. Rxe2 Qh5 30. Rxe8+ Qxe8 31. h4 Qg6 32. Qf2 Nc7 33. f4 Qf7 34.
Qc2 g6 35. Kf2 Qd5 36. Ke3 Qe6+ 37. Kf2 Nb5 38. Bb2 Kf7 39. Qd3 Ke7 40. Kf1 Nc7
41. Kf2 Nd5 42. Be5 Kf7 43. Kg1 h5 44. Kf2 Ke7 45. Kf1 Kf7 46. Kf2 Kg8 47. Kg1
Kh7 48. Kf2 Qf7 49. Kg2 Qd7 50. Kf2 Qd8 51. Ke2 b5 52. Kf2 a5 53. Qd4 axb4 54.
axb4 Qd7 55. Kf3 Qa7 56. Qb2 Qe7 57. Qf2 Qe6 58. Qa2 Qg8 59. Qa7+ Kh6 60. Qa2
Qh7 61. Qg2 Nxb4 62. Qd2 Nd5 63. Qa5 Qb7 64. Bd6 b4 65. Be5 0-1

[Event "?"]
[Site "?"]
[Date "2011.06.04"]
[Round "6.13"]
[White "Bauersfeld, Jasmin"]
[Black "Yaka, Fatih"]
[Result "0-1"]
[WhiteElo "1182"]
[BlackElo "1036"]
[PlyCount "40"]
[EventDate "2011.??.??"]
[WhiteTeam "SC Weisse Dame Ulm e.V."]
[BlackTeam "SK Bebenhausen 1992"]

1. e4 c6 2. Nc3 d5 3. exd5 cxd5 4. d4 Bf5 5. g3 h6 6. Bg2 e6 7. Nf3 Nf6 8. O-O
Nc6 9. Re1 Rc8 10. h3 a6 11. Ne5 Be7 12. g4 Bh7 13. b3 Nb4 14. Bb2 Nxc2 15. Qd2
Nxe1 16. Rxe1 O-O 17. Ne2 Nd7 18. Ng3 Nxe5 19. Rxe5 Bd6 20. Re3 Bf4 0-1

[Event "?"]
[Site "?"]
[Date "2011.06.04"]
[Round "6.14"]
[White "Zacke, Gregor"]
[Black "Baumann, Sonja"]
[Result "0-1"]
[WhiteElo "956"]
[BlackElo "1148"]
[PlyCount "64"]
[EventDate "2011.??.??"]
[WhiteTeam "SV Stuttgart-Wolfbusch 1956 e.V."]
[BlackTeam "SV Stuttgart-Wolfbusch 1956 e.V."]

1. e4 e5 2. Nf3 Nc6 3. d4 exd4 4. Nxd4 Bc5 5. Nc3 Bxd4 6. Bb5 Bxc3+ 7. bxc3 Nf6
8. e5 Nxe5 9. O-O O-O 10. Bf4 d6 11. c4 Bd7 12. Bxe5 dxe5 13. a4 c6 14. Bxc6
Bxc6 15. Qxd8 Rfxd8 16. Rad1 Rxd1 17. Rxd1 Bxa4 18. Re1 Bxc2 19. Rxe5 Re8 20.
Rxe8+ Nxe8 21. Kf1 a5 22. Ke2 a4 23. Kd2 Be4 24. c5 Bxg2 25. Kc3 Nc7 26. Kb2 g5
27. Ka3 Ne6 28. Kxa4 Nxc5+ 29. Kb5 Nd3 30. Kc4 Nxf2 31. Kd4 Kg7 32. Ke3 Ng4+
0-1

[Event "?"]
[Site "?"]
[Date "2011.06.04"]
[Round "6.15"]
[White "Gheng, Paul Dominik"]
[Black "Bressmer, Lisa"]
[Result "1-0"]
[WhiteElo "1114"]
[BlackElo "968"]
[PlyCount "55"]
[EventDate "2011.??.??"]

1. e4 e5 2. Nf3 Nc6 3. Bb5 Nf6 4. O-O d6 5. d3 Bg4 6. Be3 Be7 7. Nbd2 O-O 8. c3
a6 9. Ba4 b5 10. Bc2 d5 11. d4 Qd7 12. h3 Bxf3 13. Qxf3 Nd8 14. Qf5 Nc6 15.
exd5 Qxd5 16. Ne4 Nd7 17. Qxh7+ Kxh7 18. Nf6+ Kh8 19. Nxd5 Bd6 20. Be4 Ndb8 21.
Nb4 Bxb4 22. cxb4 f6 23. d5 Nd8 24. Bc5 Rf7 25. d6 c6 26. Bg6 Rb7 27. f4 exf4
28. Rae1 1-0

[Event "?"]
[Site "?"]
[Date "2011.06.04"]
[Round "6.16"]
[White "Klein, Werner"]
[Black "Günay, Nuri"]
[Result "1-0"]
[WhiteElo "1083"]
[BlackElo "831"]
[PlyCount "61"]
[EventDate "2011.??.??"]

1. e4 e6 2. f4 d5 3. exd5 exd5 4. Nf3 Nf6 5. Be2 Be7 6. d4 O-O 7. c3 Bg4 8. Ne5
Bxe2 9. Qxe2 Nbd7 10. O-O c5 11. b3 Nxe5 12. fxe5 Ne4 13. Be3 cxd4 14. Bxd4 a6
15. Nd2 Nxd2 16. Qxd2 Bg5 17. Qc2 b5 18. b4 a5 19. a3 Bf4 20. Rxf4 Qg5 21. Raf1
axb4 22. axb4 Ra6 23. g3 Qe7 24. Qd3 Qg5 25. Qxb5 Ra2 26. Bc5 Qh5 27. Rh4 Qxe5
28. Bxf8 Qe3+ 29. Kh1 Kxf8 30. Qxd5 Rd2 31. Qxf7# 1-0